|
|
|
|
| LEADER |
01034pam a22002658a 4500 |
| 001 |
00030906 |
| 005 |
20171026081025.0 |
| 008 |
130816s2004 ||||||viesd |
| 020 |
|
|
|c 78000
|
| 041 |
0 |
# |
|a vie
|
| 082 |
1 |
4 |
|a 370.959 7
|b NG527TH
|
| 245 |
1 |
0 |
|a Nguyễn Thị Bình- con người và sự nghiệp giáo dục
|c Trần Xuân Nhĩ, Nguyễn Minh Quang, Đặng Quốc Bảo (biên soạn, tuyển chọn)
|
| 260 |
# |
# |
|a Hà Nội
|b Giáo Dục
|c 2004
|
| 300 |
# |
# |
|a 542 tr.
|c 24 cm.
|
| 600 |
1 |
4 |
|a Nguyễn, Thị Bình
|
| 653 |
# |
# |
|a Con người
|
| 653 |
# |
# |
|a Sự nghiệp
|
| 653 |
# |
# |
|a Giáo dục
|
| 700 |
1 |
# |
|a Nguyễn, Minh Quang
|e Biên soạn, tuyển chọn
|
| 700 |
1 |
# |
|a Trần, Xuân Nhĩ
|e Biên soạn, tuyển chọn
|
| 700 |
1 |
# |
|a Đặng, Quốc Bảo
|e Biên soạn, tuyển chọn
|
| 852 |
# |
# |
|j KD.0014809
|
| 852 |
# |
# |
|b Kho đọc
|j KD.0014809
|
| 910 |
|
|
|d 8/2013
|
| 980 |
# |
# |
|a Trung tâm Học liệu Lê Vũ Hùng, Trường Đại học Đồng Tháp
|